Truyện ngụ ngôn

Đã lưu trong:
書目詳細資料
主要作者: Jean de La Fontaine
其他作者: Nguyễn Văn Qua (Dịch)
格式: 圖書
語言:Vietnamese
出版: H. Hội nhà văn 2000
主題:
標簽: 添加標簽
沒有標簽, 成為第一個標記此記錄!
Thư viện lưu trữ: Mạng thư viện Đại học Đà Nẵng
LEADER 01011nam a2200325 4500
001 000014589
003 10959
005 20120508150537.0
008 120508s2000 viesd
020 |c 24000đ 
041 0 |a vie 
082 |a 841  |b FO-J 
100 0 |a Jean de La Fontaine 
240 |a Fables de La Fontaine 
245 0 |a Truyện ngụ ngôn  |c La Fontaine ; Nguyễn Văn Qua dịch 
260 |a H.  |b Hội nhà văn  |c 2000 
300 |a 246 tr.  |c 21 cm 
653 |a Truyện 
653 |a Ngụ ngôn 
700 |a Nguyễn Văn Qua  |e Dịch 
OWN |a LSP 
AVA |a UDN50  |b LSP  |d 841 FO-J  |e available  |t Error 5001 Not defined in file expand_doc_bib_avail.  |f 3  |g 0  |h N  |i 0  |k 1 
999 |a From the UDN01 
AVA |a UDN50  |b LSP  |d 841 FO-J  |e available  |t Error 5001 Not defined in file expand_doc_bib_avail.  |f 3  |g 0  |h N  |i 0  |k 1 
TYP |a Monograph 
TYP |a Printed language 
980 |a Mạng thư viện Đại học Đà Nẵng